| 000 | 00530nam a22002051a 4500 | ||
|---|---|---|---|
| 001 | 674 | ||
| 003 | OSt | ||
| 005 | 20260204211705.0 | ||
| 008 | 040113s1975||||xxu||||||b||||||||||spa|| | ||
| 020 | _a0844270296 | ||
| 050 | _a860 G5891 | ||
| 082 | _a860 G5891 | ||
| 100 | _aGonzález, J. R. | ||
| 245 | _aLiteratura moderna Hispánica / J. R. González | ||
| 264 | _aEstados Unidos de América : National Textbook | ||
| 300 | _a707 p. | ||
| 500 | _aIncluye indice | ||
| 650 | _a1.Literatura HispanoamericanaÌ | ||
| 942 |
_2ddc _cBK |
||
| 999 |
_c674 _d674 |
||